| 000 | 00500nam a2200181 a 4500 | ||
|---|---|---|---|
| 001 | 1031 | ||
| 005 | 20140414131916.0 | ||
| 008 | 041014s19uu xx 00 eng d | ||
| 020 | _a0-88705-903-1 | ||
| 050 |
_aER _bIm1 1987 |
||
| 245 |
_aI'm so clever! / _cillustrated by Stephen Cartwright. |
||
| 260 |
_aWestport, CT : _bWishing Well Books, _c1987. |
||
| 300 | _a1 v. p. : ill. ; cm. | ||
| 440 | _aA Fun Board Book | ||
| 650 | _aHappy stories. | ||
| 650 | _aChildren stories. | ||
| 999 |
_c111500 _d111500 |
||